000 00696nam a2200277Ia 4500
005 20260324120356.0
008 008 260324s9999 xx 000 0 eng d
020 _a9780429155420
037 _aEBOOK
040 _aCRL
040 _beng
040 _cCRL
041 _2eng
041 _aeng
084 _qCRL
100 _aVishal K. Chavan; Vinod K. Tripathi; Megh R. Goyal
_91158314
245 0 _aPrinciples and Management of Clogging in Micro Irrigation
260 _bTaylor and Francis
260 _c2015
365 _a
365 _b280
856 _uhttp://www.taylorfrancis.com/books/9780429155420
942 _cEBOOK
999 _c1749823
_d1749823